| 000 | 01259nam a2200349 c 4500 | ||
|---|---|---|---|
| 001 | 52761 | ||
| 003 | ES-MaCES | ||
| 005 | 20240527121705.0 | ||
| 007 | cr ||||||||||| | ||
| 008 | 230516s2023 sp rl o000 | spa d | ||
| 040 |
_aES-MaCES _bspa _cES-MaCES |
||
| 245 | 1 | 0 | _aDictamen 09-2023 sobre el Anteproyecto de Ley integral de impulso de la economía social |
| 300 | _a14 p. (672,54 kb) | ||
| 593 |
_cEconomía y Fiscalidad _f20230503 _iD-009-2023 _rUrgente _sPleno ordinario _vPresentes (53): (53) sí, (0) no, (0) abst. |
||
| 650 | 4 |
_aeconomía social _930379 |
|
| 650 | 4 |
_acooperativa _927136 |
|
| 650 | 4 |
_adesarrollo cooperativo _930370 |
|
| 650 | 4 |
_alegislación cooperativa _930375 |
|
| 650 | 4 |
_aorganización sin fines de lucro _927312 |
|
| 650 | 4 |
_aempresa _928178 |
|
| 650 | 4 |
_aintegración social _927283 |
|
| 650 | 4 |
_acohesión social _930743 |
|
| 650 | 4 |
_aEspaña _926964 |
|
| 650 | 4 |
_arégimen jurídico _929894 |
|
| 650 | 4 |
_adictamen _930802 |
|
| 653 | _aEconomía | ||
| 700 | 1 |
_918029 _aMartín Urriza, Carlos _eponente |
|
| 710 | 1 |
_939731 _aEspaña _bMinisterio de Trabajo y Economía Social _esolicitante |
|
| 856 | 4 |
_uhttp://www.ces.es/documents/DIC/2023/09 _ytexto completo |
|
| 902 | _aDictamen | ||
| 942 |
_2CES _cDI _h0.0. |
||
| 999 |
_c52761 _d52761 |
||